000 00594nam a2200241Ia 4500
003 OSt
005 20221006144626.0
006 a|||||r|||| 00| 0
007 ta
008 221006b |||||||| |||| 00| 0 eng d
020 _c
_5.00
024 _a12,176
037 _cTextual
040 _aEASL
_cEASL
_beng
041 _2eng
_aeng
082 _aV41.N0, J9
100 _aFLEMING Peter
245 0 _aSiege at Peking
260 _aLondon
_bRupert Hart Davis
_c1959
300 _a273p.
_ccm.
942 _hV41.N0, J9
_cTEXL
_2CC
999 _c1080262
_d1080262